| 000 | 01013nam a2200253 i 4500 | ||
|---|---|---|---|
| 001 | 79931 | ||
| 003 | ES-MaACL | ||
| 005 | 20250814234224.0 | ||
| 007 | t| | ||
| 008 | 041025s1933 sp ||||1| spa d | ||
| 100 | 1 |
_aHerrmannsdorfer, Fritz. _963380 |
|
| 245 | 1 | 0 |
_aSeguros privados / _cFritz Herrmannsdorfer ; traducción del alemán por Rafael Luengo Tapia [y] Wilhelm Neumann ; anotado con especial referencia a la legislación española por Antonio Lasheras Sanz ; con un prólogo de Rodrigo Spínola. |
| 260 |
_aBarcelona : _bLabor, _c1933. |
||
| 300 |
_aVII, 247 p. ; _c23 cm. |
||
| 490 | 1 | _aEnciclopedia de ciencias jurídicas y sociales. Ciencias Sociales | |
| 650 | 4 |
_aSeguros. _9136860 |
|
| 700 | 1 |
_aLuengo Tapia, Rafael _974639 |
|
| 700 | 1 |
_aNeumann, Wilhelm. _985452 |
|
| 700 | 1 |
_aLasheras Sanz, Antonio. _970440 |
|
| 700 | 1 |
_aSpínola, Rodrigo. _9107748 |
|
| 830 | 0 | 0 |
_aEnciclopedia de ciencias jurídicas y sociales _9183357 |
| 852 |
_aES-MaACL _jA-1645 |
||
| 999 |
_c79931 _d79931 |
||